00646nam a2200181 i 450000100060000000300090000600500170001500700030003200800410003510000270007624501050010326000330020830000220024170000300026385200320029399900170032595201220034296155ES-MaACL20230906181844.0t|050613s1972 sp ||||1| spa d1 aMcCarthy, Mary.97952710aEscrito en la pared y otros ensayos literarios / cMary Mc Carthy; traducción de Gabriel Ferrater. aBarcelona : bLumen, c1972. a248 p. ; c19 cm.1 aFerrater, Gabriel.950337 aES-MaACLjC-42844 bR.81128 c96155d96155 00104070aATENEOMbATENEOMcDEPO2d2008-01-17eSCl0oC-42844p1100393r2023-02-23 00:00:00w2023-02-23yMONOGRAFIA